The role of terrestrial and aquatic organisms in decomposition processes / (Record no. 204934)
[ view plain ]
| 000 -CABECERA | |
|---|---|
| campo de control de longitud fija | 00910nam a2200289Ia 4500 |
| 001 - NÚMERO DE CONTROL | |
| campo de control | Para_6154 |
| 003 - IDENTIFICADOR DEL NÚMERO DE CONTROL | |
| campo de control | CHAP |
| 008 - DATOS DE LONGITUD FIJA--INFORMACIÓN GENERAL | |
| campo de control de longitud fija | 220125s1976 xx 000 0 und d |
| 010 ## - NÚMERO DE CONTROL DE LA BIBLIOTECA DEL CONGRESO | |
| Número de control de LC | 204934 |
| 040 ## - FUENTE DE LA CATALOGACIÓN | |
| Centro/agencia transcriptor | CHAP |
| 082 ## - NÚMERO DE LA CLASIFICACIÓN DECIMAL DEWEY | |
| Número de clasificación | PA 594.1192 S9 1975 |
| 111 ## - ENTRADA PRINCIPAL--NOMBRE DE CONGRESO/REUNIÓN | |
| Nombre de congreso/reunión o jurisdicción como elemento de entrada | Symposium of the British Ecological Society (17: 1975) |
| 9 (RLIN) | 170876 |
| 245 ## - MENCIÓN DE TÍTULO | |
| Título | The role of terrestrial and aquatic organisms in decomposition processes / |
| Mención de responsabilidad, etc. | by J.M. Anderson, A. Macfadyen |
| 260 ## - PUBLICACIÓN, DISTRIBUCIÓN, ETC. | |
| Lugar de publicación, distribución, etc. | Oxford : |
| Nombre del editor, distribuidor, etc. | Blackwell Scientific |
| 300 ## - DESCRIPCIÓN FÍSICA | |
| Extensión | 474 p. |
| 650 ## - PUNTO DE ACCESO ADICIONAL DE MATERIA--TÉRMINO DE MATERIA | |
| Término de materia o nombre geográfico como elemento de entrada | Biodegradación |
| Subdivisión general | Colecciones de escritos |
| 9 (RLIN) | 170877 |
| 650 ## - PUNTO DE ACCESO ADICIONAL DE MATERIA--TÉRMINO DE MATERIA | |
| Término de materia o nombre geográfico como elemento de entrada | Biodegradación |
| Subdivisión general | Congresos |
| 9 (RLIN) | 170878 |
| 700 ## - PUNTO DE ACCESO ADICIONAL--NOMBRE DE PERSONA | |
| Nombre de persona | Anderson, J.M. |
| 9 (RLIN) | 5584 |
| 700 ## - PUNTO DE ACCESO ADICIONAL--NOMBRE DE PERSONA | |
| Nombre de persona | Macfadyen |
| 9 (RLIN) | 170879 |
| 901 ## - ELEMENTOS DE DATOS A LOCAL LDA (RLIN) | |
| a | PA 594.1192 S9 1975 |
| 902 ## - ELEMENTOS DE DATOS B LOCAL, LDB (RLIN) | |
| a | A |
| 905 ## - ELEMENTOS DE DATOS E LOCAL, LDE (RLIN) | |
| a | 0000001976 0000000000 00 |
| 910 ## - DATOS DE OPCIÓN DEL USUARIO (OCLC) | |
| Datos de opción del usuario | 1976 |
| 942 ## - ELEMENTOS DE PUNTO DE ACCESO ADICIONAL (KOHA) | |
| Tipo de ítem Koha | Parasitologia_ |
| 942 ## - ELEMENTOS DE PUNTO DE ACCESO ADICIONAL (KOHA) | |
| Tipo de ítem Koha | Parasitologia_ |
| -- | 1 |
| Estado de retiro | Estado de pérdida | Fuente del sistema de clasificación o colocación | Estado dañado | No para préstamo | Código de colección | Localización permanente | Ubicación/localización actual | Ubicación en estantería | Fecha de adquisición | Información codificada de la localización en otra ubicación | Total de préstamos | Código de barras | Fecha visto por última vez | Precio válido a partir de | Tipo de ítem Koha | Nota pública |
|---|---|---|---|---|---|---|---|---|---|---|---|---|---|---|---|---|
| Dewey Decimal Classification | General | Parasitologia Agricola | Parasitologia Agricola | 27/10/2005 | PARA | PA_3542 | 25/01/2022 | 25/01/2022 | Libro | 3 |
